000
002810000a22000970004500
100
1
_a
Jezequel, Roberta
245
1
0
_a
When bad things happen to good missionaries
300
_a
Vol. 77, Num 3 (Julio-Septiembre, 1997), Páginas 9-11
773
0
_t
Latin America Evangelist
942
_c
ANA
999
_c
55088
_d
55088